000 00623nam a2200193 a 4500
001 000011710
005 20200929162532.0
008 091026s1969 sp 001 0 spa d
040 _aDO-SdBNP
_bspa
_cBNPHU
082 _aPR868.09
_bD568a
100 1 _aDiez de Andino, Juan
_927753
245 1 0 _aAndanzas y perfiles /
_cJuan Diez de Andino.
260 _aBarcelona :
_bSan Juan de Puerto Rico,
_c1969.
300 _a319 p. ;
_c22 cm.
590 _a1 Copia autografiada por el autor.
650 4 _aCrítica literaria
_zPuerto Rico
_927754
650 4 _aLiteratura puertorriqueña
_xHistoria y crítica
_92838
049 _aBNGR
999 _c11387
_d11387